Govt. of
Madhya Pradesh

Ethical insights on awakening the soul (Record no. 65844)

MARC details
000 -LEADER
fixed length control field 00314nam a22001337a 4500
082 ## - DEWEY DECIMAL CLASSIFICATION NUMBER
Classification number 824
100 ## - MAIN ENTRY--AUTHOR NAME
Personal name Pathak pramod
245 ## - TITLE STATEMENT
Title Ethical insights on awakening the soul
250 ## - EDITION STATEMENT
Edition statement First
260 ## - PUBLICATION, DISTRIBUTION, ETC. (IMPRINT)
Place of publication Delhi
Name of publisher Ocean publishing house
Year of publication 2017
300 ## - PHYSICAL DESCRIPTION
Number of Pages 186
650 ## - SUBJECT ADDED ENTRY--TOPICAL TERM
Topical Term 824/Essays
942 ## - ADDED ENTRY ELEMENTS (KOHA)
Koha item type Books
Holdings
Withdrawn status Lost status Damaged status Not for loan Home library Current library Date acquired Cost, normal purchase price Full call number Accession Number Price effective from Koha item type
        MACL MACL 31/01/2023 375.00 824 CRE040191 31/01/2023 Books